Logo BPK

Biblioteka

Politechniki Koszalińskiej

Pocket guide Logo / (Rekord nr 23431)

Szczegóły MARC
000 -ETYKIETA REKORDU
podpole kontrolne o stałej długości 00484nam a2200205 i 4500
001 - NUMER KONTROLNY REKORDU
pole kontrolne bg
020 ## - MIĘDZYNARODOWY ZNORMALIZOWANY NUMER KSIĄŻKI - ISBN
ISBN 0273021095
040 ## - ŹRÓDŁO KATALOGOWANIA
Instytucja, która utworzyła rekord BPK
041 ## - KOD JĘZYKA
Kod języka tekstu pol
080 ## - UNIWERSALNA KLASYFIKACJA DZIESIĘTNA - UKD
UKD 004
920 ## - Międzynarodowy znormalizowany numer książki – ISBN
ISBN 0-273-02109-5
008 - POLE O STAŁEJ DŁUGOŚCI - DANE KONTROLNE
podpole kontrolne o stałej długości s pl f |000 0 pol
100 1# - NAZWA OSOBOWA
Nazwa osobowa ALLAN, Boris
245 #0 - TYTUŁ/ODPOWIEDZIALNOŚĆ
Tytuł Pocket guide Logo /
Pozostałe elementy strefy tytułu i oznaczenia odpowiedzialności BORIS Allan.
260 ## - STREFA ADRESU WYDAWNICZEGO
Miejsce wydania London :
Nazwa wydawcy/dystrybutora Pitman,
Data publikacji, dystrybucji/powstania dokumentu 1984.
490 1# - STREFA SERII I DOKUMENTU WIELOCZĘŚCIOWEGO - FORMA NIE DO WYSZUKIWANIA
Tytuł i oznaczenie odpowiedzialności serii Programming Pocket Guides
650 #9 - HASŁO PRZEDMIOTOWE W FORMIE NAZWY OGÓLNEJ LUB JEDNOSTKOWEJ
Nazwa ogólna lub geograficzna Logo
830 ## - HASŁO DODATKOWE SERII LUB DOKUMENTU WIELOCZĘŚCIOWEGO - TYTUŁ UJEDNOLICONY
Tytuł ujednolicony Programming Pocket Guides
856 ## - LOKALIZACJA I DOSTĘP DO ELEKTRONICZNYCH DOKUMENTÓW ZDALNYCH
Link (URL) http://koha.tu.koszalin.pl/cgi-bin/koha/opac-detail.pl?biblionumber=23431
Tekst linku Katalog online BPK
942 ## - DODATKOWE ELEMENTY (KOHA)
Typ dokumentu Książka
Egzemplarze
Wycofany Status egzemplarza Uszkodzony Dostępność Lokalizacja stała Lokalizacja bieżąca Miejsce przechowywania Sygnatura Kod kreskowy Ostatnio wypożyczono Typ dokumentu
      Dostępny Biblioteka Politechniki Koszalińskiej Biblioteka Politechniki Koszalińskiej Wypożyczalnia BG 33530 02030357 27.03.2018 Książka
© 2023 Biblioteka Politechniki Koszalińskiej :: KOHA